| 000 | 00801nam a2200193Ii 4500 | ||
|---|---|---|---|
| 003 | JO-AjNU | ||
| 008 | 230605s9999||||xx |||||||||||||| ||und|| | ||
| 040 |
_aJO-AjNU _bara _erda _cJO-AjNU |
||
| 041 | _aara | ||
| 050 | 1 | 4 | _aBP130.4.I2654.1981 |
| 100 | 3 |
_aاختصار وتحقيق الصابوني، محمد علي , _eauthor _962102 |
|
| 245 | 0 | 0 | _aمختصر تفسير ابن كثير: مختصر لتفسير الامام الجليل الحافظ عماد الدين ابي الفداء اسماعيل بن كثير الدمشقي المتوفي سنة 774 هـ، مج3 |
| 250 | _aط1 | ||
| 264 | 3 | 1 | _aبيروت: دار القرآن الكريم، 1981 |
| 300 | _aج3: 724ص | ||
| 336 |
_atext _btxt _2rdacontent |
||
| 337 |
_aunmediated _bn _2rdamedia |
||
| 338 |
_avolume _bnc _2rdacarrier |
||
| 999 |
_aA28105 _c31673 _d31673 |
||